Sanidade e qualidade fisiológica de sementes de Chorisia Glaziovii O. Kuntze tratadas com extratos vegetais (Registro n. 298976)
[ somente texto ]
| 000 -LÍDER | |
|---|---|
| fixed length control field | 03768nab a2200337 i 4500 |
| 003 - CÓDIGO MARC DA AGÊNCIA CATALOGADORA | |
| Campo de controle | BR-BrBNA |
| 005 - DATA E HORA DA ÚLTIMA ATUALIZAÇÃO | |
| Campo de controle | 20240328102437.0 |
| 008 - CAMPO DE TAMANHO FIXO | |
| fixed length control field | 240328b2019 bl.qr|pooa||| 00| 0 por | |
| 040 ## - FONTE DA CATALOGAÇÃO | |
| Agência catalogadora | BR-BrBNA |
| Idioma da catalogação | por |
| 072 ## - CATEGORIA AGRIS | |
| Código AGRIS | K10 |
| 072 ## - CATEGORIA AGRIS | |
| Código AGRIS | H20 |
| 072 ## - CATEGORIA AGRIS | |
| Código AGRIS | H10 |
| 100 ## - ENTRADA PRINCIPAL - NOME PESSOAL | |
| Nome pessoal | Araújo, Andrezza Klyvia Oliveira de |
| 100 ## - ENTRADA PRINCIPAL - NOME PESSOAL | |
| Nome pessoal | Gomes, Rommel dos Santos Siqueira |
| 100 ## - ENTRADA PRINCIPAL - NOME PESSOAL | |
| Nome pessoal | Silva, Maria Lúcia Maurício da |
| 100 ## - ENTRADA PRINCIPAL - NOME PESSOAL | |
| Nome pessoal | Santos, Angeline Maria da Silva |
| 100 ## - ENTRADA PRINCIPAL - NOME PESSOAL | |
| Nome pessoal | Nascimento, Luciana Cordeiro do |
| 245 ## - TÍTULO PRINCIPAL | |
| Título principal | Sanidade e qualidade fisiológica de sementes de Chorisia Glaziovii O. Kuntze tratadas com extratos vegetais |
| 500 ## - NOTA GERAL | |
| Nota geral | Publicação on-line; 38 ref.; 4 illus.; Summaries (En, Pt) |
| 942 ## - ADDED ENTRY ELEMENTS (KOHA) | |
| Koha item type | |
| 520 ## - NOTA DE RESUMO | |
| Nota de conteúdo | <br/><br/>Resumo<br/><br/>O objetivo da pesquisa foi avaliar a eficiência dos extratos de Allium sativum e Lippia alba sobre patógenos<br/>e na qualidade fisiológica de sementes de Chorisia glaziovii. Os tratamentos constituíram-se de extratos<br/>aquosos de alho (Allium sativum) e erva-cidreira (Lippia alba) à 0, 25, 50, 75 e 100%, e fungicida captana (240 g<br/>100 kg-1 de sementes) como controle positivo. Para sanidade das sementes adotou-se o método blotter test e a<br/>qualidade fisiológica foi determinada pela germinação e vigor. O delineamento foi inteiramente casualizado<br/>em esquema fatorial (2 x 5) +1 (extratos vegetais x concentrações + fungicida), com quatro repetições.<br/>Observou-se a ocorrência de Aspergillus flavus, Aspergillus niger, Aspergillus sp., Botrytis sp., Cladosporium sp.,<br/>Curvularia lunata, Nigrospora sp., Pestalotia sp., Periconia sp. e Rhizopus stolonifer, nas sementes. O extrato de<br/>Lippia alba à 100% foi eficiente na inibição dos patógenos. O aumento na concentração do extrato de Allium<br/>sativum reduziu a primeira contagem de germinação e o extrato de Lippia alba proporcionou aumento de<br/>sementes germinadas.<br/><br/>Palavras-chave: Allium sativum; Lippia alba; Sementes florestais; Espécie nativa |
| 520 ## - NOTA DE RESUMO | |
| Nota de conteúdo | <br/><br/>Abstract<br/><br/>The objective of the research was to evaluate the effectiveness of Allium sativum extracts and Lippia alba<br/>on pathogens and the physiological quality of Chorisia glaziovii seeds. The treatments consisted of Allium<br/>sativum extracts and Lippia alba at 0, 25, 50, 75 and 100%, and fungicide captan (240 g 100 kg-1 seeds) as the<br/>positive control. For the seed sanity, it was adopted the Blotter test method and the physiological quality<br/>was determined by germination and seed vigor. The design was completely randomized in a factorial<br/>scheme (2 x 5) +1 (plant extracts x concentrations + fungicide) with four replications. It was observed the<br/>occurrence of Aspergillus flavus, Aspergillus niger, Aspergillus sp., Botrytis sp., Cladosporium sp., Curvularia<br/>lunata, Nigrospora sp., Pestalotia sp., Periconia sp. and Rhizopus stolonifer on seeds. The Lippia alba extract<br/>at 100% was effective in inhibiting pathogens. The increase in the concentration of A. sativum extract<br/>reduced to the first count, and Lippia alba extract caused increase of germinated seeds.<br/><br/>Keywords: Allium sativum; Lippia alba; Forest seeds; Native species |
| 650 ## - ASSUNTO - THESAGRO | |
| Cabeçalho tópico ou nome geográfico | PAINEIRA |
| 650 ## - ASSUNTO - THESAGRO | |
| Cabeçalho tópico ou nome geográfico | ALLIUM SATIVUM |
| 650 ## - ASSUNTO - THESAGRO | |
| Cabeçalho tópico ou nome geográfico | LIPPIA ALBA |
| 650 ## - ASSUNTO - THESAGRO | |
| Cabeçalho tópico ou nome geográfico | SEMENTE FLORESTAL |
| 650 ## - ASSUNTO - THESAGRO | |
| Cabeçalho tópico ou nome geográfico | ESPÉCIE NATIVA |
| 773 0# - ENTRADA ANALÍTICA | |
| Host Biblionumber | 4065 |
| Registro do item | 313933 |
| Imprenta | Santa Maria-RS Universidade Federal de Santa Maria - Centro de Pesquisas Florestais.Departamento de Ciências Florestais. Programa de Pós-Graduação em Engenharia Florestal 1991 |
| Outro identificador | 2024-0204 |
| Título | Ciência Florestal (Brazil) |
| ISSN | 0103-9954; 1980-5098 (on-line) |
| Colação | v. 29(2) p. 649-659; (Apr-Jun 2019) |
| Número de controle de registro | BR2023001630 |
| 856 ## - ACESSO E ENDEREÇO ELETRÔNICO | |
| Identificador uniforme de recurso - URI | https://www.scielo.br/j/cflo/a/pzmZkzKKSx6DCx4WRRVwmxG/?format=pdf&lang=pt |
Nenhum exemplar disponível.

BINAGRI